[Event "Swiss Queens Wed #9"]
[Site "FIDE Online Arena INT"]
[Date "2024.03.27"]
[Round "6"]
[White "Saranya, Devi Narahari"]
[Black "Kiseleva, Simona"]
[Result "0-1"]
[WhiteElo "1603"]
[BlackElo "2174"]
[PlyCount "60"]
[EventDate "2024.03.27"]
[EventType "swiss (blitz)"]
[EventRounds "11"]
[EventCountry "NET"]
[SourceTitle "CB14_2024"]
[SourceDate "2024.04.01"]
[SourceVersion "1"]
[SourceVersionDate "2024.04.01"]
[SourceQuality "1"]

1. e4 d6 2. d4 Nf6 3. Nc3 c6 4. f4 Qa5 5. Bd2 e5 6. fxe5 dxe5 7. dxe5 Ng4 8. h3 Nxe5 9. Bf4 Nbd7 10. Qd2 Bb4 11. Nge2 0-0 12. 0-0-0 b5 13. Kb1 Nc4 14. Qd3 Nc5 15. Qg3 Be6 16. Bh6 g6 17. Bxf8 Rxf8 18. Nd4 Nxb2 19. Nxe6 Nxe6 20. Nxb5 Nxd1 21. a3 Be7 22. Be2 cxb5 23. Rxd1 Bxa3 24. Rd7 a6 25. h4 Bb4 26. h5 Bc3 27. Qxc3 Qxc3 28. hxg6 hxg6 29. Bd3 Rd8 30. e5 Rxd7 0-1

[Event "Swiss Queens Wed #8"]
[Site "FIDE Online Arena INT"]
[Date "2024.03.20"]
[Round "11"]
[White "Jimenez Salas, Maria Teresa"]
[Black "Saranya, Devi Narahari"]
[Result "0-1"]
[WhiteElo "1939"]
[BlackElo "1603"]
[PlyCount "56"]
[EventDate "2024.03.20"]
[EventType "swiss (blitz)"]
[EventRounds "11"]
[EventCountry "NET"]
[SourceTitle "CB13_2024"]
[SourceDate "2024.03.27"]
[SourceVersion "1"]
[SourceVersionDate "2024.03.27"]
[SourceQuality "1"]

1. e4 c5 2. Nf3 e6 3. d4 cxd4 4. Nxd4 Nf6 5. Nc3 Nc6 6. Ndb5 Bc5 7. Bf4 0-0 8. Bd6 Bxd6 9. Nxd6 Ne8 10. Be2 Nxd6 11. Qxd6 Qe7 12. 0-0-0 a6 13. Kb1 b5 14. f4 Rd8 15. Bf3 Bb7 16. e5 Ra7 17. Rd2 Qxd6 18. Rxd6 Ne7 19. Bxb7 Rxb7 20. Rhd1 b4 21. Ne4 Nd5 22. Nc5 Rb5 23. Nxd7 Rc8 24. g3 a5 25. Rd3 h6 26. Kc1 Rc7 27. Kd2 Rbb7 28. R6xd5 exd5 0-1

[Event "Swiss Queens Wed #8"]
[Site "FIDE Online Arena INT"]
[Date "2024.03.20"]
[Round "4"]
[White "Tripurambika, V."]
[Black "Saranya, Devi Narahari"]
[Result "0-1"]
[WhiteElo "1626"]
[BlackElo "1603"]
[PlyCount "124"]
[EventDate "2024.03.20"]
[EventType "swiss (blitz)"]
[EventRounds "11"]
[EventCountry "NET"]
[SourceTitle "CB13_2024"]
[SourceDate "2024.03.27"]
[SourceVersion "1"]
[SourceVersionDate "2024.03.27"]
[SourceQuality "1"]

1. d4 Nf6 2. Nc3 e6 3. Bf4 d5 4. e3 Bd6 5. Nf3 a6 6. Be5 c5 7. Be2 Nc6 8. Bxd6 Qxd6 9. 0-0 0-0 10. Na4 Nd7 11. dxc5 Nxc5 12. Nb6 Rb8 13. Nc4 Qc7 14. Ncd2 b5 15. Nb3 Ne4 16. Nfd2 Nxd2 17. Qxd2 Bb7 18. Bf3 Ne5 19. Be2 Rbc8 20. c3 Rfd8 21. Nd4 Nc6 22. Rac1 Nxd4 23. exd4 Bc6 24. Rfe1 a5 25. Bd3 Qb6 26. a3 g6 27. Bf1 Rb8 28. Kh1 Rdc8 29. Ra1 b4 30. axb4 axb4 31. Ra6 Qb7 32. Raa1 bxc3 33. bxc3 Bb5 34. Reb1 Qc6 35. Bxb5 Rxb5 36. Rxb5 Qxb5 37. h3 Qc4 38. Ra3 Kg7 39. Kh2 Qc7+ 40. g3 Qd6 41. Kg2 Qxa3 42. Qf4 Qxc3 43. Qe5+ Kg8 44. Qf6 Qc2 45. Qe5 Qe4+ 46. Qxe4 dxe4 47. Kf1 f5 48. Ke2 Rc3 49. g4 Rd3 50. gxf5 exf5 51. h4 Rxd4 52. Ke3 Rd3+ 53. Kf4 Kg7 54. Ke5 Rf3 55. Kd4 Rxf2 56. Ke3 Rh2 57. Kd4 Rxh4 58. Ke5 Rg4 59. Kd4 h5 60. Ke3 h4 61. Kd4 h3 62. Ke3 h2 0-1

[Event "Swiss Queens Wed #7"]
[Site "FIDE Online Arena INT"]
[Date "2024.03.13"]
[Round "9"]
[White "Bauyrzhan, Arnash"]
[Black "Saranya, Devi Narahari"]
[Result "1-0"]
[WhiteElo "2029"]
[BlackElo "1603"]
[PlyCount "109"]
[EventDate "2024.03.13"]
[EventType "swiss (blitz)"]
[EventRounds "11"]
[EventCountry "NET"]
[SourceTitle "CB12_2024"]
[SourceDate "2023.10.01"]
[SourceVersion "1"]
[SourceVersionDate "2023.10.01"]
[SourceQuality "1"]

1. e4 c5 2. Nf3 e6 3. d4 cxd4 4. Nxd4 Nc6 5. Nxc6 bxc6 6. Bd3 d5 7. 0-0 Nf6 8. e5 Nd7 9. f4 Bc5+ 10. Kh1 0-0 11. Qg4 f5 12. Qg3 Bb7 13. Nd2 Bb6 14. Nf3 Qe8 15. a4 a5 16. Bd2 Qg6 17. Qxg6 hxg6 18. Ng5 Rae8 19. b4 axb4 20. Bxb4 c5 21. Bb5 Bc8 22. a5 Bd8 23. Bxd7 Bxd7 24. Bxc5 Bxg5 25. Bxf8 Bxf4 26. Rxf4 Kxf8 27. a6 Ra8 28. a7 Ke7 29. Rb4 Bc6 30. Rb8 Kd7 31. Rxa8 Bxa8 32. Rb1 d4 33. Rb8 Be4 34. a8Q Bxa8 35. Rxa8 Kc6 36. Rd8 Kc5 37. Rd6 g5 38. Kg1 Kc4 39. Kf2 Kc3 40. Kf3 g6 41. Ke2 g4 42. Rc6+ Kb4 43. Rxe6 g5 44. Rc6 f4 45. e6 g3 46. hxg3 fxg3 47. e7 Kb5 48. Rg6 g4 49. e8Q+ Kc4 50. Rxg4 Kc3 51. Qc6+ Kb2 52. Rxd4 Kc1 53. Rd1+ Kb2 54. Qb5+ Kc3 55. Qb3# 1-0

[Event "Swiss Queens Wed #7"]
[Site "FIDE Online Arena INT"]
[Date "2024.03.13"]
[Round "6"]
[White "Saranya, Devi Narahari"]
[Black "Aishwarya, N."]
[Result "0-1"]
[WhiteElo "1603"]
[BlackElo "1482"]
[PlyCount "116"]
[EventDate "2024.03.13"]
[EventType "swiss (blitz)"]
[EventRounds "11"]
[EventCountry "NET"]
[SourceTitle "CB12_2024"]
[SourceDate "2023.10.01"]
[SourceVersion "1"]
[SourceVersionDate "2023.10.01"]
[SourceQuality "1"]

1. e4 c5 2. Nf3 e6 3. d4 cxd4 4. Nxd4 Nc6 5. Bf4 d6 6. Nxc6 bxc6 7. Nc3 d5 8. exd5 cxd5 9. Qd2 Bb4 10. a3 Ba5 11. b4 Bb6 12. Bb5+ Bd7 13. Bxd7+ Qxd7 14. 0-0 Nf6 15. Be5 Qe7 16. Rfe1 0-0 17. Rad1 Nd7 18. Nxd5 exd5 19. Bxg7 Qh4 20. Bxf8 Nxf8 21. g3 Qf6 22. Re2 Ng6 23. Qxd5 Rd8 24. Qxd8+ Bxd8 25. Re8+ Kg7 26. Rdxd8 Qc3 27. Rd7 Qxc2 28. Rxa7 Qc1+ 29. Kg2 Qc6+ 30. f3 Qxe8 31. a4 Qe2+ 32. Kh3 Qe6+ 33. g4 Nf4+ 34. Kg3 Ne2+ 35. Kf2 Qb6+ 36. Kxe2 Qxa7 37. a5 Qb7 38. Kf2 Qxb4 39. Kg3 Qxa5 40. h4 Qe5+ 41. Kh3 Qe3 42. Kg3 f5 43. gxf5 Kf6 44. Kg4 Qg1+ 45. Kf4 Qc5 46. Kg3 Qxf5 47. f4 h5 48. Kf3 Qg4+ 49. Ke4 Qxh4 50. Kd5 Kf5 51. Kd6 Qxf4+ 52. Ke7 h4 53. Kf8 h3 54. Kg8 h2 55. Kf8 h1Q 56. Kg7 Qhh6+ 57. Kf7 Qc7+ 58. Kg8 Qhg7# 0-1

[Event "Swiss Queens Wed #7"]
[Site "FIDE Online Arena INT"]
[Date "2024.03.13"]
[Round "4"]
[White "Saranya, Devi Narahari"]
[Black "Pinto, Niyola"]
[Result "1-0"]
[WhiteElo "1603"]
[BlackElo "1409"]
[PlyCount "119"]
[EventDate "2024.03.13"]
[EventType "swiss (blitz)"]
[EventRounds "11"]
[EventCountry "NET"]
[SourceTitle "CB12_2024"]
[SourceDate "2023.10.01"]
[SourceVersion "1"]
[SourceVersionDate "2023.10.01"]
[SourceQuality "1"]

1. e4 c5 2. Nf3 Nc6 3. d4 cxd4 4. Nxd4 Nf6 5. Nc3 e5 6. Ndb5 d6 7. Bg5 a6 8. Na3 b5 9. Nd5 Be7 10. Bxf6 Bxf6 11. c3 0-0 12. Be2 h6 13. 0-0 Bg5 14. Qd3 Be6 15. Rad1 Rc8 16. Nc2 Na5 17. b3 Bxd5 18. Qxd5 Be7 19. c4 bxc4 20. b4 Nc6 21. Bxc4 Qb6 22. a3 a5 23. Rb1 axb4 24. axb4 Kh8 25. Ne3 Nd4 26. Nf5 Nxf5 27. exf5 Qc7 28. Bd3 Qc3 29. Qe4 Qd4 30. Qxd4 exd4 31. b5 Rc3 32. Rfd1 Rb8 33. b6 d5 34. b7 Bc5 35. Rb5 Ba3 36. Bf1 Bd6 37. Rxd4 Rc7 38. Rdxd5 Be7 39. g3 Rcxb7 40. Rxb7 Rxb7 41. Kg2 Rc7 42. Bd3 Kh7 43. f6+ g6 44. fxe7 Rxe7 45. Bc4 Re6 46. Rd7 Re8 47. Rxf7+ Kh8 48. Rf6 Re4 49. Bd3 Re8 50. Bxg6 Rg8 51. Bf5 Rg6 52. Rxg6 Kh7 53. Rg4+ Kh8 54. Be6 Kh7 55. Rg8 h5 56. Kf3 Kh6 57. Kf4 h4 58. Kf5 Kh7 59. Kf6 Kh6 60. Rh8# 1-0

[Event "Swiss Queens Wed #6"]
[Site "FIDE Online Arena INT"]
[Date "2024.03.06"]
[Round "6"]
[White "Alaa, Dema"]
[Black "Saranya, Devi Narahari"]
[Result "0-1"]
[WhiteElo "1843"]
[BlackElo "1603"]
[PlyCount "50"]
[EventDate "2024.03.06"]
[EventType "swiss (blitz)"]
[EventRounds "11"]
[EventCountry "NET"]
[SourceTitle "CB11_2024"]
[SourceDate "2024.03.13"]
[SourceVersion "1"]
[SourceVersionDate "2024.03.13"]
[SourceQuality "1"]

1. e4 c5 2. Nf3 e6 3. d4 cxd4 4. Nxd4 Nf6 5. Nc3 Nc6 6. Be3 Bb4 7. f3 d5 8. Bb5 Bd7 9. 0-0 Bxc3 10. bxc3 dxe4 11. Bg5 Nxd4 12. Bxd7+ Qxd7 13. cxd4 0-0-0 14. Bxf6 gxf6 15. fxe4 Rhg8 16. c3 Rg6 17. Rb1 Rdg8 18. Rf2 Qc6 19. Qd3 f5 20. d5 Qc5 21. g3 f4 22. Kf1 fxg3 23. Rfb2 g2+ 24. Ke2 g1Q 25. Rxb7 Qcf2# 0-1

[Event "Swiss Queens Wed #6"]
[Site "FIDE Online Arena INT"]
[Date "2024.03.06"]
[Round "2"]
[White "Shanmathi Sree, S."]
[Black "Saranya, Devi Narahari"]
[Result "1-0"]
[WhiteElo "1802"]
[BlackElo "1603"]
[PlyCount "21"]
[EventDate "2024.03.06"]
[EventType "swiss (blitz)"]
[EventRounds "11"]
[EventCountry "NET"]
[SourceTitle "CB11_2024"]
[SourceDate "2024.03.13"]
[SourceVersion "1"]
[SourceVersionDate "2024.03.13"]
[SourceQuality "1"]

1. e4 c5 2. Nf3 e6 3. d4 cxd4 4. Nxd4 Nf6 5. Nc3 Nc6 6. Ndb5 Bc5 7. Be2 a6 8. Na3 Bxa3 9. bxa3 Qa5 10. Qd2 Qxa3 11. Bxa3 1-0

[Event "Swiss Queens Wed #5"]
[Site "FIDE Online Arena INT"]
[Date "2024.02.28"]
[Round "4"]
[White "Hrebenshchykova, Yelyzaveta"]
[Black "Saranya, Devi Narahari"]
[Result "1-0"]
[WhiteElo "2282"]
[BlackElo "1338"]
[PlyCount "71"]
[EventDate "2024.02.28"]
[EventType "swiss (blitz)"]
[EventRounds "11"]
[EventCountry "NET"]
[SourceTitle "CB10_2024"]
[SourceDate "2024.03.06"]
[SourceVersion "1"]
[SourceVersionDate "2024.03.06"]
[SourceQuality "1"]

1. e4 e6 2. d4 d5 3. Nc3 Nf6 4. Bg5 Be7 5. e5 Nfd7 6. Bxe7 Qxe7 7. f4 c5 8. Nb5 Na6 9. Nd6+ Kf8 10. Nf3 Nc7 11. c3 Ne8 12. Nxe8 Qxe8 13. dxc5 Nxc5 14. Qd4 Qc6 15. Rd1 b5 16. f5 h6 17. f6 g6 18. h4 Na4 19. Qb4+ Qc5 20. Qxc5+ Nxc5 21. Bxb5 a6 22. Be2 Rb8 23. b3 Ne4 24. Rc1 Bd7 25. Rh3 Kg8 26. c4 Rc8 27. Nd2 Nxd2 28. Kxd2 dxc4 29. Bxc4 a5 30. Rd3 Bc6 31. Bb5 Bb7 32. Rxc8+ Bxc8 33. h5 Kh7 34. Rd6 gxh5 35. Bd3+ Kg8 36. Rd8# 1-0

[Event "Swiss Queens Wed #5"]
[Site "FIDE Online Arena INT"]
[Date "2024.02.28"]
[Round "7"]
[White "Sachi, Jain"]
[Black "Saranya, Devi Narahari"]
[Result "1/2-1/2"]
[WhiteElo "1987"]
[BlackElo "1338"]
[PlyCount "121"]
[EventDate "2024.02.28"]
[EventType "swiss (blitz)"]
[EventRounds "11"]
[EventCountry "NET"]
[SourceTitle "CB10_2024"]
[SourceDate "2024.03.06"]
[SourceVersion "1"]
[SourceVersionDate "2024.03.06"]
[SourceQuality "1"]

1. e4 c5 2. Nf3 e6 3. d3 Nc6 4. Nbd2 Nf6 5. g3 d6 6. Bg2 Be7 7. 0-0 0-0 8. c3 b6 9. Re1 Bb7 10. Nf1 d5 11. e5 Nd7 12. h4 Re8 13. N1h2 f6 14. Ng4 fxe5 15. Ngxe5 Ndxe5 16. Nxe5 Nxe5 17. Rxe5 Bf6 18. Re1 Qc7 19. Qg4 e5 20. h5 d4 21. h6 Bxg2 22. Kxg2 Rad8 23. c4 Qd7 24. Re4 Qxg4 25. Rxg4 g6 26. Bd2 Kf7 27. Re1 Re6 28. Rge4 Rde8 29. Kf3 g5 30. Kg4 Kg6 31. f4 gxf4 32. gxf4 R6e7 33. R1e2 exf4 34. Rxe7 Rxe7 35. Rxe7 Bxe7 36. Bxf4 Bd8 37. a4 a6 38. b3 Be7 39. Bc7 Bf8 40. Bxb6 Kxh6 41. Bc7 Kg6 42. Be5 h5+ 43. Kg3 Kf5 44. Bc7 Be7 45. Bb6 h4+ 46. Kh3 Kf4 47. b4 Ke3 48. bxc5 Kxd3 49. c6 Bd6 50. c7 Bxc7 51. Bxc7 Kxc4 52. Kxh4 d3 53. Bf4 Kb4 54. Kg3 Kxa4 55. Kf3 Kb3 56. Ke3 Kc2 57. Kd4 a5 58. Kc4 a4 59. Kb4 d2 60. Bxd2 Kxd2 61. Kxa4 1/2-1/2

[Event "Swiss Queens Wed #5"]
[Site "FIDE Online Arena INT"]
[Date "2024.02.28"]
[Round "10"]
[White "Saranya, Devi Narahari"]
[Black "Agrest, Inna"]
[Result "0-1"]
[WhiteElo "1338"]
[BlackElo "2279"]
[PlyCount "148"]
[EventDate "2024.02.28"]
[EventType "swiss (blitz)"]
[EventRounds "11"]
[EventCountry "NET"]
[SourceTitle "CB10_2024"]
[SourceDate "2024.03.06"]
[SourceVersion "1"]
[SourceVersionDate "2024.03.06"]
[SourceQuality "1"]

1. e4 e5 2. Nf3 Nc6 3. Bb5 a6 4. Ba4 Nf6 5. 0-0 b5 6. Bb3 Bc5 7. d3 d6 8. c3 Bb6 9. Be3 Rb8 10. Nbd2 0-0 11. a4 h6 12. a5 Nxa5 13. Bc2 c5 14. Re1 Nc6 15. Nf1 d5 16. exd5 Nxd5 17. d4 exd4 18. cxd4 Ncb4 19. dxc5 Nxe3 20. Nxe3 Bxc5 21. Bf5 Bb7 22. Qb1 Re8 23. Bh7+ Kh8 24. Qf5 Bxe3 25. fxe3 Qd5 26. Qxd5 Bxd5 27. Bb1 Rbc8 28. e4 Bb7 29. e5 Nc2 30. Bxc2 Rxc2 31. Rac1 Rxb2 32. Rc7 Bd5 33. Rd1 Bxf3 34. gxf3 Rxe5 35. Rxf7 Rg5+ 36. Kf1 Rxh2 37. Rd8+ Kh7 38. Ra7 Ra2 39. f4 Rg4 40. Rf8 b4 41. f5 Rf4+ 42. Ke1 Rg2 43. f6 Rh4 44. Kf1 Rg5 45. Rxa6 Rf4+ 46. Ke2 gxf6 47. Rf7+ Kg6 48. Rb7 h5 49. Raa7 h4 50. Rg7+ Kf5 51. Ra5+ Kg4 52. Rh7 h3 53. Ra1 Re4+ 54. Kd3 Rf4 55. Rg1+ Kf5 56. Rxh3 b3 57. Kc3 Rxg1 58. Rh5+ Rg5 59. Rh1 Rg3+ 60. Kb2 Rf2+ 61. Kb1 Kf4 62. Rh4+ Ke3 63. Rh1 f5 64. Rc1 f4 65. Rc3+ Kd2 66. Rc1 Kd3 67. Rd1+ Kc3 68. Rc1+ Rc2 69. Rf1 f3 70. Rd1 Rgg2 71. Re1 Rb2+ 72. Ka1 Ra2+ 73. Kb1 Rgb2+ 74. Kc1 Ra1# 0-1

[Event "Swiss Queens Wed #5"]
[Site "FIDE Online Arena INT"]
[Date "2024.02.28"]
[Round "2"]
[White "Saranya, Devi Narahari"]
[Black "Mahdian, Anousha"]
[Result "0-1"]
[WhiteElo "1338"]
[BlackElo "2069"]
[PlyCount "144"]
[EventDate "2024.02.28"]
[EventType "swiss (blitz)"]
[EventRounds "11"]
[EventCountry "NET"]
[SourceTitle "CB10_2024"]
[SourceDate "2024.03.06"]
[SourceVersion "1"]
[SourceVersionDate "2024.03.06"]
[SourceQuality "1"]

1. d4 d5 2. Nc3 c6 3. Bf4 Bf5 4. Nf3 e6 5. e3 Bd6 6. Bg3 Nf6 7. Bd3 Bg6 8. 0-0 Bxg3 9. hxg3 Nbd7 10. Ne2 Qe7 11. c4 Rd8 12. b3 e5 13. dxe5 Nxe5 14. Nxe5 Qxe5 15. c5 Ne4 16. b4 Nc3 17. Qc2 Bxd3 18. Qxd3 Nxe2+ 19. Qxe2 0-0 20. Qg4 Rfe8 21. Rad1 Re6 22. Qf4 Rde8 23. Qxe5 Rxe5 24. Rd4 Re4 25. Rfd1 f5 26. a3 Kf7 27. Kf1 Kf6 28. Ke2 g5 29. Rxe4 Rxe4 30. Rd4 Re7 31. Kd3 Ke5 32. f3 Kf6 33. g4 fxg4 34. Rxg4 h5 35. Rd4 Kf5 36. a4 g4 37. Rf4+ Kg5 38. Rf8 Kh4 39. fxg4 hxg4 40. Ke2 Kg3 41. Rf2 d4 42. b5 Rxe3+ 43. Kf1 Rc3 44. Rd2 Rc1+ 45. Ke2 Rxc5 46. bxc6 bxc6 47. Rxd4 Rc2+ 48. Kf1 Rc3 49. Rb4 a5 50. Re4 c5 51. Re5 Rc1+ 52. Ke2 Kxg2 53. Re4 g3 54. Rg4 Rc3 55. Rg8 Rc2+ 56. Ke1 Kh2 57. Rh8+ Kg1 58. Rg8 g2 59. Kd1 Rc3 60. Kd2 Rh3 61. Ke2 Rh5 62. Kf3 Rf5+ 63. Ke4 Rf7 64. Kd5 Kf1 65. Kxc5 g1Q+ 66. Rxg1+ Kxg1 67. Kb5 Rf5+ 68. Kb6 Kf2 69. Ka6 Ke2 70. Kb6 Kd3 71. Kc6 Kc4 72. Kd7 Kb4 0-1